| 000 | 00895nam a22002297a 4500 | ||
|---|---|---|---|
| 999 |
_c24174 _d24174 |
||
| 003 | Nust | ||
| 005 | 20170519122551.0 | ||
| 008 | 140509b xxu||||| |||| 00| 0 eng d | ||
| 020 |
_cAvailable _a9780195798012 |
||
| 040 |
_aDLC _bDLC _cRCMS |
||
| 082 | _a327.59 AMI | ||
| 100 |
_aShahid M. Amin _9484 |
||
| 245 |
_aPakistan's Foreign Policy: _cAmin, Shahid _bA reappraisal |
||
| 260 |
_aNew York _bOxford University Press _cc2000 |
||
| 300 |
_a356 p. ; _bill: _c22,cm. |
||
| 538 | _iShelf # 13, Row # 2, Fiction. | ||
| 650 |
_aForeign Policy _9485 |
||
| 856 | _3Table of Content Only | ||
| 942 |
_2ddc _cFIC |
||